Statistiques concernant Devinez le détail de l'œuvre #2

Cliquez ici pour prendre le quiz!

Statistiques générales

  • Ce quiz a été pris 11 fois
  • Le résultat moyen est 3 sur 16

Statistiques - réponses

Réponse% Correct
Nefertiti
60%
Adam et Ève
50%
La persistance de la mémoire
30%
Les demoiselles d'Avignon
30%
Portrait d'Andrea Doria en Poséidon
20%
Salvator Mundi
20%
Fontaine de l'observatoire
10%
La Madone Sixtine
10%
L'araignée qui pleure
10%
Les portes du paradis
10%
Les romains de la décadence
10%
Vitraux de l'Abbaye Sainte Foy de Conques
10%
Fontaine d'Orion de Messine
0%
Les foins
0%
Minerve chassant les vices du jardin de la Vertu
0%
Vertumne
0%

Distribution des résultats

Percentile par nombre de réponses

% des personnes avec chaque résultat

Votre développement - résultats

Vous n’avez pas pris ce quiz